Herramientas y máquinas-herramientas
-д хадгалсан:
| Үндсэн зохиолч: | |
|---|---|
| Формат: | Ном |
| Хэл сонгох: | испани |
| Хэвлэсэн: |
Bilbao
Urmo
1972
|
| Цуврал: | Manual del Ingeniero Técnico, 9-10
|
| Нөхцлүүд: | |
| Шошгууд: |
Шошго нэмэх
Шошго байхгүй, Энэхүү баримтыг шошголох эхний хүн болох!
|
MARC
| LEADER | 00000nam a2200000 a 4500 | ||
|---|---|---|---|
| 001 | UCP1783 | ||
| 003 | CL-VaPUC | ||
| 008 | 990426e19720000SP |||||||||||||||||spa|d | ||
| 082 | 0 | 4 | |a 621.902 |b BRU |2 21 |
| 100 | 0 | |a Bruins, D. H |e author |9 428037 | |
| 245 | 1 | 0 | |a Herramientas y máquinas-herramientas |
| 300 | |a v | ||
| 942 | |c BK | ||
| 945 | |d 19990426 00:00:00 |a cmena | ||
| 260 | |a Bilbao |b Urmo |c 1972 | ||
| 650 | 0 | |a Máquinas herramientas |9 262583 | |
| 650 | 0 | |a Virutas |9 428022 | |
| 650 | 7 | |a HERRAMIENTAS DE CORTE |2 CL-VaPUC |9 428038 | |
| 650 | 0 | |a Resistencia de materiales |9 260095 | |
| 650 | 0 | |a Engranajes |9 271783 | |
| 650 | 7 | |a ELEMENTOS DE MAQUINAS |2 CL-VaPUC |9 428039 | |
| 650 | 7 | |a HERRAMIENTAS |2 CL-VaPUC |9 263987 | |
| 583 | |a last modification |c 19990426 00:00:00 |k Rodrigo Vera | ||
| 490 | 0 | |a Manual del Ingeniero Técnico, 9-10 | |
| 999 | |c 280421 |d 280419 | ||
| 952 | |0 0 |1 0 |4 0 |6 621_902000000000000_BRU_1972 |7 0 |8 A |9 320713 |a BIBMEC |b BIBMEC |d 2019-11-20 |h v.1 |i 1342223 |o 621.902 BRU 1972 |p 1342223 |r 2024-01-19 |w 2019-11-20 |y BK |k MEC | ||
| 952 | |0 0 |1 0 |4 0 |6 621_902000000000000_BRU_1972 |7 0 |8 A |9 320714 |a BIBMEC |b BIBMEC |d 2019-11-20 |h v.2 |i 1342231 |o 621.902 BRU 1972 |p 1342231 |r 2024-01-19 |w 2019-11-20 |y BK |k MEC | ||